| 000 | 00662cam a2200193 4500 | ||
|---|---|---|---|
| 001 | WB3604-17 | ||
| 008 | 000000n2000 000 0 eng u | ||
| 035 | _a(Sirsi) u103841 | ||
| 245 | _aHousing market 'hottest since 1987' | ||
| 260 | _c2000 | ||
| 490 |
_aRICS Press Release _v(008) 21 January 2000 (2) |
||
| 520 | _aThe latest RICS housing market survey of England and Wales covering the the three months to December, shows that the market is at its strongest since 1987. | ||
| 590 | _aWB | ||
| 650 | _aRICS SURVEY | ||
| 650 | _aGROWTH | ||
| 650 | _aHOUSING MARKET | ||
| 690 | _aPROPERTY-RESIDENTIAL PROPERTY-RESIDENTIAL PROPERTY MARKET | ||
| 942 | _n0 | ||
| 999 |
_c62354 _d62354 |
||